BIBLIOTHÈQUE DE LA MAISON DU MEXIQUE

Logo 1 Logo 2

Poesías líricas (notice nᵒ 11762)

détails MARC
000 -Sello discográfico
campo de control de longitud fija 00890nam a2200325 4500
005 - Identificación de versión
campo de control 20251016083418.0
035 ## - Otros números de control del sistema
Número de control del sistema 3992
099 ## - fechas locales
Tipo de ítem Koha LIBRO
100 ## - Datos de procesamiento general
Datos de procesamiento general 20040924d1941 m y1spay5003 ba
105 ## - Campo de datos codificados: Material textual, monográfico
Datos codificados de monografía y 001gy
200 1# - Título y mención de responsabilidad
Título propio Poesías líricas
Designación general del material texto impreso
Primer mención de responsabilidad Lope de Vega
Número de una pieza II
Nombre de una parte Canciones. Epístolas. Romances. Poemas diversos
210 ## - Publicación, distribución, etc.
Lugar de publicación, distribución, etc. Madrid
Nombre del editor, distribuidor, etc. Espasa - Calpe
Fecha de publicación, distribución, etc. 1941
215 ## - Descripción física
Designación de material específico y extensión del ítem LXXIX + 174 p
Dimensiones 19 cm
318 ## - Nota de acción
Acción No se presta a domicilio
345 ## - Nota de información de adquisición
Fuente de adquisición/dirección de la suscripción [OBSOLETO] Donación
410 #1 - Series
Título Clásicos Castellanos
Número de volumen 75
676 ## - Clasificación Decimal Dewey
Número R860 C614 v.75
700 ## - Nombre personal - Responsabilidad primaria
Elemento de entrada Vega Carpio
Parte del nombre distinta del elemento de entrada Félix Lope de
Fechas 1562-1635
Número Koha 6226
801 #0 - Fuente de origen
Agencia cm
900 ## -
-- 1/8090
900 ## -
-- 7100419856\240904
942 ## - ELEMENTOS DE ENTRADA SECUNDARIOS (KOHA)
Tipo de ítem Koha Livre

Pas d'exemplaire disponible.